| 000 | 00318nam a2200133 i 4500 | ||
|---|---|---|---|
| 001 | bg | ||
| 100 | 1 | _aKANANE, Jean Pierre | |
| 245 | 0 |
_aSlucajnye funkcjonalnye rjady / _cJean Pierre Kanane. |
|
| 260 |
_aMoskva, _c1973. |
||
| 040 | _cBPK | ||
| 041 | _apol | ||
| 942 | _cKS | ||
| 008 | s pl f |000 0 pol | ||
| 999 |
_c26683 _d26683 |
||
| 856 |
_uhttp://koha.tu.koszalin.pl/cgi-bin/koha/opac-detail.pl?biblionumber=26683 _yKatalog online BPK |
||